000 00542nam a2200205Ia 4500
001 13327
003 GE_BSU
008 181216s||||||||xx |||||||||||||| ||und||
040 _cGE_BSU
080 _a581(479.9)
100 _aПетров,В.В.
245 _aЧудеса наших субтропиков
245 _cРед.В.Н.Вяземцева
260 _aМосква
260 _bНаука
260 _c1976
300 _a152стр.илл.20см.
653 _aЧудеса наших субтропиков
942 _cBK
999 _c46488
_d46488